01814cam a2200373 a 45000010005000000030009000050050017000140080041000310100017000720200015000890200015001040200018001190350020001370400033001570410008001900500022001980820020002201000017002402450056002572460027003132460018003402600064003583000033004225040041004555050372004965200243008685260012011116500043011236500058011666500058012246500054012826500051013368560053013875107BD-DhEWU20190227171206.0040930s2004 enka g bd 000 0 eng d a 2004301888 a0521609909 a052162181X a9780521621816 a(OCoLC)55971476 aYUScYUSdDLCdBD-DhEWUbeng aeng00aPE1464b.P47 200404a423.1bPEC 20041 aPeters, Pam.14aThe Cambridge guide to English usage /cPam Peters.30aGuide to English usage30aEnglish usage aCambridge ;aNew York :bCambridge University Press,c2004. axi, 608 p. :bill. ;c26 cm. aIncludes bibliographical references. tTOCaA-Z entries -- International phonetic alphabet symbols for English sounds -- Geological eras -- Perpetual calendar 1901-2008 -- International System of Units (SI Units) -- Interconversion tables for metric and imperial measures -- Selected proofreading marks -- Formats and styles for letters, memos and e-mail -- Layout for envelopes -- Currencies of the world. aSummary: A reference guide to modern English language usage covers word meaning, spelling, grammar, and punctuation, and provides guidance on issues such as grammatical terminology, inclusive language, and effective writing and argument. aEnglish 0aEnglish languagexUsagevDictionaries. 0aEnglish languagezUnited StatesxUsagevDictionaries. 0aEnglish languagezGreat BritainxUsagevDictionaries. 0aEnglish languagezAustraliaxUsagevDictionaries. 0aEnglish languagezCanadaxUsagevDictionaries.423E-book Fulltextuhttp://lib.ewubd.edu/ebook/5107